How effectively is the federal government assisting state and local governments in preparing for a biological, chemical, or nuclear attack? : hearing before the Subcommittee on Government Efficiency, Financial Management and Intergovernmental Relations of the Committee on Government Reform, House of Representatives, One Hundred Seventh Congress, second session, August 23, 2002.

Bibliographic Details
Corporate Authors: United States. Congress. House. Committee on Government Reform. Subcommittee on Government Efficiency, Financial Management, and Intergovernmental Relations, ProQuest (Firm)
Format: Government Document eBook
Language:English
Published: Washington : U.S. G.P.O. : 2003.
Series:U.S. Congressional Hearings.
Subjects:
Online Access:Connect to the full text of this electronic book

MARC

Tag First Indicator Second Indicator Subfields
LEADER 00000cam a22000001a 4500
001 in00003265621
006 m d f
007 cr bn mmmapmmp
008 090922s2003 dcua ob f000 0 eng d
005 20260604201714.3
035 |a cis2007474914 
040 |a UMI  |c UMI  |d UtOrBLW 
043 |a n-us--- 
074 |a 1016-A 
074 |a 1016-A (online) 
074 |a 1016-B (MF) 
074 |a 1016-B (online) 
086 0 |a Y 4.G 74/7:B 52/6/2002-6 
088 |a Serial no. 107-226 (United States. Congress. House. Committee on Government Reform) 
099 |a HRG-2002-HGR-0032 
110 1 |a United States.  |b Congress.  |b House.  |b Committee on Government Reform.  |b Subcommittee on Government Efficiency, Financial Management, and Intergovernmental Relations. 
245 1 0 |a How effectively is the federal government assisting state and local governments in preparing for a biological, chemical, or nuclear attack? :  |b hearing before the Subcommittee on Government Efficiency, Financial Management and Intergovernmental Relations of the Committee on Government Reform, House of Representatives, One Hundred Seventh Congress, second session, August 23, 2002. 
264 1 |a Washington :  |b U.S. G.P.O. :  |c 2003. 
264 2 |a Washington :  |b For Sale by the Supt. of Docs., U.S. G.P.O. [Congressional Sales Office], 
300 |a 1 online resource. 
336 |a text  |b txt  |2 rdacontent 
337 |a computer  |b c  |2 rdamedia 
338 |a online resource  |b cr  |2 rdacarrier 
500 |a Record is based on bibliographic data in ProQuest Congressional Hearings Digital Collection. Reuse except for individual research requires license from ProQuest, LLC. 
504 |a Includes bibliographical references. 
530 |a Also available via Internet from the GPO Access web site. Address as of 8/26/03: http://frwebgate.access.gpo.gov/cgi-bin/getdoc.cgi?dbname=107%5F- house%5Fhearingscurrent access is available via PURL. 
538 |a System requirements: PDF reader software. 
500 |a Electronic resource. 
650 0 |a Bioterrorism  |x Government policy  |z United States. 
650 0 |a Chemical terrorism  |x Government policy  |z United States. 
650 0 |a Nuclear terrorism  |x Government policy  |z United States. 
650 0 |a Emergency management  |z Colorado. 
655 7 |a Electronic books.  |2 local 
710 2 |a ProQuest (Firm) 
776 0 8 |i Print version:  |a United States. Congress. House. Committee on Government Reform. Subcommittee on Government Efficiency, Financial Management and Intergovernmental Relations.  |t How effectively is the federal government assisting state and local governments in preparing for a biological, chemical, or nuclear attack?  |w (DGPO)99125381 
776 0 8 |i Microfiche version:  |a United States. Congress. House. Committee on Government Reform. Subcommittee on Government Efficiency, Financial Management and Intergovernmental Relations.  |t How effectively is the federal government assisting state and local governments in preparing for a biological, chemical, or nuclear attack?.  |d [Bethesda, Md.] : ProQuest,[2004]  |o CIS 2003 H401-119  |w (ProQuest)cis00300508 
830 0 |a U.S. Congressional Hearings. 
856 4 0 |u http://proxy.library.tamu.edu/login?url=https://congressional.proquest.com/congcomp/getdoc?HEARING-ID=HRG-2002-HGR-0032  |z Connect to the full text of this electronic book  |t 0 
998 |a cis00300508 
999 |a MARS 
999 f f |s 411c5e61-95eb-36f4-b7b7-e105a27a53e8  |i bfa4b0d5-68f3-35ff-ad06-c390f93dc79d  |t 0 
952 f f |a Texas A&M University  |b College Station  |c Electronic Resources  |s www_evans  |d Available Online  |t 0  |e HRG-2002-HGR-0032  |h Other scheme 
998 f f |a HRG-2002-HGR-0032  |t 0  |l Available Online